Statistics for Famous Coasts (Name the Country)

Click here to take the quiz!

General Stats

  • This quiz has been taken 204 times
    (183 since last reset)
  • The average score is 7 of 15

Answer Stats

CoastCountry% Correct
Ivory CoastIvory Coast
96%
Swahili CoastKenya, Tanzania, and Northern Mozambique
76%
RivieraFrance and Italy
74%
Gold CoastGhana
73%
Redwood CoastUnited States (Northern California)
66%
Barbary CoastMorocco, Algeria, Tunisia, and Libya
65%
Slave CoastNigeria, Togo, and Benin
55%
Mosquito CoastNicaragua and Honduras
42%
Skeleton CoastNorthern Namibia
42%
Space CoastUnited States (Florida)
42%
Malabar CoastSouthwestern coast of India
36%
Coromandel CoastSoutheastern coast of India
26%
Pepper (or Grain) CoastLiberia
24%
Amber CoastRussia (Kaliningrad Oblast)
17%
Pirate CoastBahrain, Saudi Arabia, Qatar, United Arab Emirates, Oman
16%

Score Distribution

Percentile by Number Answered

Percent of People with Each Score

Your Score History

You have not taken this quiz since the last reset